000 00904nam a22002655a 4500
005 20151020141125.0
008 151020t2011 nyua frb 001 0 eng d
020 _a9781461428954
040 _aEG-ScBUE
_beng
_cEG-ScBUE
082 0 4 _a615.6
_bCON
_222
245 0 0 _aControlled pulmonary drug delivery /
_ceditors Hugh D. C. Smyth, Anthony J. Hickey.
260 _aNew York :
_bSpringer,
_cc.2011.
300 _axiii, 557 p. :
_bill. (some col.) ;
_c24 cm.
490 0 _aAdvance in delivery science and technology
500 _aIndex : p. 545-557.
504 _aIncludes bibliographical references.
650 7 _aDrug delivery systems.
_2BUEsh
_936090
650 0 _aPulmonary pharmacology.
_2BUEsh
651 _2BUEsh
653 _bPPhrm
_cOctober2015
655 _vReading book
_934232
700 1 _aSmyth, Hugh D. C.,
_eeditor.
700 1 _aHickey, Anthony J.,
_eeditor.
942 _2ddc
_k615.6 CON
999 _c20943
_d20915